000 00523nam a2200181Ia 4500
003 GCL
008 140319s9999 xx 000 0 ara d
040 _aGCL /
_cGCL
082 0 4 _a157.7
_bر ا
100 1 _aر. وبين
245 1 0 _aالاضطرابات العرفية /
_cر. وبين
260 _a[S.N] :
_bجامعة القاهرة - كلية الاداب ،
_c1993
300 _a211 ص
490 _a
650 0 4 _aالاضطرابات النفسية
650 0 4 _aاضطراب السلوك
942 _2ddc
_cBK
999 _c52545
_d52545